000
00228nam a22000857a 4500
008
161129b xxu||||| |||| 00| 0 eng d
100
_9
1537
_a
Seth.K
245
_a
Minimum Specification for pre schools
260
_a
New delhi
_b
NCERT
_c
1996
999
_c
4267
_d
4267